000 00375 a2200169 4500
001 188425
020 _a978-85-322-6048-2
040 _cMagnum
100 _aBarbosa, Rogerio Andrade
240 1 0 _aO Guardião da Folia
_lpor
245 1 0 _aO Guardião da Folia
300 _a38
362 0 _a2007
440 1 _aFTD
697 _aLITERATURA INFANTO-JUVENIL
942 _cBK
999 _c188425
_d188425